Hydrologie pramenných oblastí

Bibliographic Details
Main Authors: Křeček, Josef (Author), Mendel, Oto, 1939-1996 (Author)
Format: Article
Language:Czech
PhysicalDescription:Lit. 3 zázn. v češ., angl.
Subjects:

MARC

LEADER 00000nab a2200000 a 4500
001 vtls000422018
003 SK-MaSNL
005 20260303102115.0
008 230120c1990 xo 0 cze
015 |a SNBRB19rr/mm-uuuuu 
035 |a CL0422146 
035 |a urn:nbn:sk:snk-aba2u 
035 |a (urnnbn)urn:nbn:sk:snk:ar-a04ng0 
035 |a (uuid)1776d8b5-1698-4386-b063-9d845d8804be 
040 |a SNKBUCL  |b slo  |c SNKBUCL  |e AACR2 
041 0 |a cze 
044 |a xo  |c SK 
080 |a 556.36:061.3  |2 1981 
080 |a 061.3  |2 1981 
100 1 |a Křeček, Josef  |4 aut  |9 345952 
245 1 0 |a Hydrologie pramenných oblastí  |c Josef Křeček, Oto Mendel 
300 |b Lit. 3 zázn. v češ., angl. 
650 0 7 |a pramene (hydr.)  |2 snkbucl  |9 1114856 
650 0 7 |a oblasti pramenné  |2 snkbucl  |9 1114857 
650 0 7 |a hydrológia  |2 snkbucl  |9 853 
650 0 7 |a ekosystémy  |2 snkbucl  |9 3902 
655 7 |a články z novín a časopisov  |2 snkbucl  |9 267496 
700 1 |a Mendel, Oto,  |d 1939-1996  |4 aut  |9 181935 
773 0 |t Vodohospodársky časopis  |g Roč. 38, č. 6 (1990), s. 663-665 
850 |a Slovenská národná knižnica v Martine  |a MTA001 
852 |a SNK  |b KIS3GCP 
958 |a RK 
958 |a OND 
958 |a EUIPO 
958 |a article27 
992 |a RBX 
999 |c 1840939  |d 1842869